000
00303nam a22001337a 4500
008
170619b xxu||||| |||| 00| 0 eng d
020
_a
9780321044938
041
_a
eng
080
_a
32
100
_a
20
101
_a
shp
245
_a
UNDERSTANDING THE PRESIDENCY
_c
DAVIDSON.R.H
942
_2
udc
_c
BK
999
_c
17985
_d
17985